00689 a2200181 4500020001500000040001300015100002300028245007400051260005400125300003700179650002500216650003500241700001900276700002100295942003000316999001500346952014600361 a0201844524 aDLCbDLC1 aChaudhri, Akmal B.10aXML data management cAkmal B. Chaudhri, Awais Rashid, Roberto Zicari aBoston, MA :bAddison Wesley Professional,c2003. axxxvi, 641 p. :bill. ;c24 cm. 0aDatabase management. 0aXML (Document markup language)1 aRashid, Awais.1 aZicari, Roberto. aSEECcBKk005.72 AKM2ddc c6329d6329 001040708NFICaCLbCLcOSd2007-12-06eProgressive International Agenciesg3191.00l0o005.72 AKMpSEECS008773r2012-11-14w2017-01-05yBK